Geography Quiz

Random Geography or City Quiz

Cities in Disney Movies Quiz Stats

 Plays Quiz not verified by Sporcle

Score 0/12 Timer 06:00
0 Plays Today
City % Correct
Paris, France
87.2%
London, United Kingdom
83.3%
New York, New York
82.5%
New Orleans, Louisiana
54.7%
Los Angeles, California
45%
Sydney, Australia
44.8%
Washington D.C
19.9%
Nottingham, United Kingdom
12.2%
Thebes, Greece
9.4%
Cusco, Peru
7.5%
Norwalk, Connecticut
3.9%
Salvador, Brazil
3.3%

You're not logged in!

Compare scores with friends on all Sporcle quizzes.
OR
Log In

Sporcle TV

Today on Sporcle TV


Watch our educational content, quiz creation guides, and fun videos on Sporcle TV.

Show Comments

Extras

Top Quizzes Today


Score Distribution

Your Account Isn't Verified!

In order to create a playlist on Sporcle, you need to verify the email address you used during registration. Go to your Sporcle Settings to finish the process.

Report this User

Report this user for behavior that violates our Community Guidelines.

Details: